Special occasion helps. (Record no. 8738)

000 -LEADER
fixed length control field 00774nam a2200229 a 4500
001 - CONTROL NUMBER
control field :::00006516$&:&@@
003 - CONTROL NUMBER IDENTIFIER
control field OkBaRHE
005 - DATE AND TIME OF LATEST TRANSACTION
control field 20110401155349.0
008 - FIXED-LENGTH DATA ELEMENTS--GENERAL INFORMATION
fixed length control field s1983 j 000 0 eng u
040 ## - CATALOGING SOURCE
Transcribing agency
100 1# - MAIN ENTRY--PERSONAL NAME
Personal name O'Guin, C. M.
245 10 - TITLE STATEMENT
Title Special occasion helps.
260 ## - PUBLICATION, DISTRIBUTION, ETC. (IMPRINT)
Place of publication, distribution, etc Grand Rapids, MI., :
Name of publisher, distributor, etc Baker Book House
Date of publication, distribution, etc 1983
300 ## - PHYSICAL DESCRIPTION
Extent 87 p. ;
Dimensions 21 cm.
650 ## - SUBJECT ADDED ENTRY--TOPICAL TERM
Topical term or geographic name as entry element Funeral Sermons
650 ## - SUBJECT ADDED ENTRY--TOPICAL TERM
Topical term or geographic name as entry element Occasional Sermons
650 ## - SUBJECT ADDED ENTRY--TOPICAL TERM
Topical term or geographic name as entry element Occasional Services
650 ## - SUBJECT ADDED ENTRY--TOPICAL TERM
Topical term or geographic name as entry element Sermons
942 ## - ADDED ENTRY ELEMENTS (KOHA)
Source of classification or shelving scheme
Koha item type Books
Copies
Withdrawn status Current Location Barcode Copy number Damaged status Total Checkouts Shelving location Price effective from Koha item type Lost status Date last seen Permanent Location Full call number Not for loan Date checked out Source of classification or shelving scheme Date acquired
 RHEMA Bible Training College65161 1General Stacks2010-04-14Books 2011-04-01RHEMA Bible Training CollegeBV 199 .O3O35 2011-03-18 2010-04-14
 RHEMA Bible Training College165762 1General Stacks2010-04-14Books 2012-03-16RHEMA Bible Training CollegeBV 199 .O3O35 2012-03-14 2010-04-14